000 00528nam a2200193Ia 4500
003 GCL
008 140319s9999 xx 000 0 ara d
040 _aGCL /
_cGCL
082 0 4 _a822
_bك ا
100 1 _aكوكتو , جاك
245 1 0 _aالالة الجهنمية /
_cكوكتو , جاك
300 _a112 ص
490 _a
650 0 4 _aالادب
650 0 4 _aالمسرحيات
650 0 4 _aالادب الانجليزى
650 0 4 _aالمسرحيات الانجليزية المترجمة
942 _2ddc
_cBK
999 _c40452
_d40452